Big Brother Canada Veto Competitions/Winners Quiz Stats

 Plays Quiz not verified by Sporcle

Challenge
Share
Tweet
Embed
Score 0/37 Timer 15:00
0 Plays Today
% Correct
Ashleigh
82.4%
Ashleigh
81.5%
Tom
80.6%
Ashleigh
79.6%
Jon
78.7%
Gary
77.8%
Sindy
76.9%
Zach
76.9%
Kevin
76.9%
Allison
75.9%
Jon
75.9%
Jon
75.9%
Peter
75%
Kenny
75%
Johnny
75%
Bruno
75%
Andrew
74.1%
Allison
74.1%
Neda
74.1%
% Correct
Brittnee
74.1%
Ika
73.1%
Kenny
73.1%
Emmett
71.3%
Emmett
71.3%
Andrew
71.3%
Tom
70.4%
Emmett
70.4%
Heather
70.4%
Arlie
69.4%
Bruno
69.4%
Sarah
69.4%
Kevin
65.7%
Godfrey
63.9%
Peter
63%
Gary
58.3%
Alec
57.4%
Andrew
57.4%

You're not logged in!

Compare scores with friends on all Sporcle quizzes.
Join for Free
OR
Log In

You Might Also Like...

Show Comments

Extras

Top Quizzes Today


Score Distribution

Your Account Isn't Verified!

In order to create a playlist on Sporcle, you need to verify the email address you used during registration. Go to your Sporcle Settings to finish the process.

Report this User

Report this user for behavior that violates our Community Guidelines.

Details: